Science Quiz

Random Science Quiz

Ideal Gas Concepts Quiz Stats

Quiz not verified by Sporcle

Challenge
Share
Tweet
Embed
Score 0/12 Timer 00:30
0 Plays Today
Hint Answer % Correct
Solid: VolumeDefinite
100%
Solid: ShapeDefinite
100%
Solid: OrderLong Range
85.7%
Solid: MotionTranslational
81%
Liquid: ShapeIndefinite
81%
Liquid: VolumeDefinite
81%
Gas: ShapeIndefinite
81%
Gas: VolumeIndefinite
81%
Liquid: OrderShort Range
76.2%
Liquid: MotionTranslational Rotational
76.2%
Gas: OrderNo Order
71.4%
Gas: MotionTDR
52.4%

You're not logged in!

Compare scores with friends on all Sporcle quizzes.
Join for Free
OR
Log In

You Might Also Like...

Show Comments

Extras

Created May 29, 2016ReportNominate
Tags:concept, gas, ideal

Top Quizzes Today


Score Distribution

Your Account Isn't Verified!

In order to create a playlist on Sporcle, you need to verify the email address you used during registration. Go to your Sporcle Settings to finish the process.

Report this User

Report this user for behavior that violates our Community Guidelines.

Details: